| 000 | 01341nam a22002297a 4500 | ||
|---|---|---|---|
| 005 | 20260119115717.0 | ||
| 010 | _aB-776345-359 20BACCHHN25 B-777882 | ||
| 020 |
_a9789392734106 _c495.00 |
||
| 035 | _aB-776345-359 | ||
| 035 | _aB-777882 | ||
| 037 | _bसुयोग्य प्रकाशन | ||
| 037 | _bउपहार | ||
| 082 | _aक | ||
| 100 |
_aभटनागर, ज्ञानेन्द्र कुमार _986545 |
||
| 245 |
_aकश्मीर की लोक-कथाएँ / _cज्ञानेन्द्र कुमार भटनागर |
||
| 260 |
_aनई दिल्ली _bसुयोग्य प्रकाशन _c2024 |
||
| 270 |
_aडब्ल्यू-116, ग्रेटर कैलाश-1 _b नई दिल्ली _e110048 |
||
| 300 |
_aभा-1(88पृ.) _c27सेमी(सजिल्द) _bसचित्र |
||
| 942 |
_2ddc _cCH _mभटना _hक |
||
| 999 |
_c209509 _d209509 |
||